000 01024cam a2200289 a 4500
001 000008678
005 20200929161400.0
008 951213s1994 ck a 001 0 spa d
020 _a9586110672
040 _aDO-SdBNP
_bspa
_cLC
_dBNPHU
041 1 7 _aspa
_hgre
_2Código de idioma MARC
082 _a889.132
_bE43d
100 1 _aElites, Odysseas,
_d1911-1996.
_923118
240 1 3 _aTo axion estí.
_lEspañol
245 1 0 _aDignum est /
_cOdiseo Elitis ; traducción, introducción y notas Jorge Páramo Pomareda.
260 _aSantafé de Bogotá :
_bInstituto Caro y Cuervo ;
_bUniversidad de Los Andes,
_c1994.
300 _a186 p. :
_bil. ;
_c25 cm.
490 1 _aEl Álamo y el Ciprés
_v1
534 _pTítulo original:
_tTo axion estí
650 4 _aPoesía griega
_95285
650 4 _aHelenismo
_xPoesía
_923119
650 4 _aLiteratura griega
_92386
700 1 _aPáramo Pomareda, Jorge,
_etr.
_923120
830 0 _aEl Álamo y el Ciprés ;
_v1
_923121
910 _aCatalogación por copia / LC
049 _aBNGR
999 _c8448
_d8448